El conde de Chinchon
Guardat en:
| Autor principal: | |
|---|---|
| Format: | Llibre |
| Idioma: | espanyol |
| Publicat: |
Madrid
Consejo Superior de Investigaciones Científicas
1945
|
| Col·lecció: | Monografías, 5
|
| Matèries: | |
| Etiquetes: |
Afegir etiqueta
Sense etiquetes, Sigues el primer a etiquetar aquest registre!
|
MARC
| LEADER | 00000nam a2200000 a 4500 | ||
|---|---|---|---|
| 001 | UCO1648 | ||
| 003 | CL-VaPUC | ||
| 008 | 000519e19450000SP |||||||||||||||||spa|d | ||
| 082 | 0 | 4 | |a 985.03 |b MUZ |2 21 |
| 100 | |a Múzquiz de Miguel, José Luis |e autor |9 444032 | ||
| 245 | 1 | 3 | |a El conde de Chinchon |
| 300 | |a 334 p | ||
| 942 | |c BK | ||
| 945 | |d 20000519 00:00:00 |a rherrera | ||
| 260 | |a Madrid |b Consejo Superior de Investigaciones Científicas |c 1945 | ||
| 600 | 0 | 7 | |a CHINCHON, JERONIMO |2 CL-VaPUC |9 444033 |
| 650 | 0 | |a Historia de Perú |9 316239 | |
| 650 | 0 | |a Virreinato del Perú |9 414472 | |
| 650 | 0 | |a Virreyes |9 386780 | |
| 650 | 0 | |a Colonias españolas |9 267778 | |
| 650 | 0 | |a Biografías |9 255210 | |
| 651 | 0 | |a Perú |9 256567 | |
| 583 | |a last modification |c 20000519 00:00:00 |k Rodrigo Vera | ||
| 490 | 0 | |a Monografías, 5 | |
| 999 | |c 288252 |d 288250 | ||
| 952 | |0 0 |1 0 |4 0 |6 985_030000000000000_MUZ_1945 |7 0 |8 X |9 335823 |a BIBHIS |b BIBHIS |d 2019-11-20 |i 1282034 |o 985.03 MUZ 1945 |p 1282034 |r 2024-01-30 |w 2019-11-20 |y BK_X |k HIS | ||